Rola ankietera w wywiadzie kwestionariuszowym w socjologii
Gespeichert in:
| 1. Verfasser: | |
|---|---|
| Format: | Buch |
| Sprache: | Polnisch |
| Veröffentlicht: |
Lódž
Uniwersytet
1985
|
| Ausgabe: | 1. wyd. |
| Schriftenreihe: | Acta Universitatis Lodziensis
11 |
| Tags: |
Keine Tags, Fügen Sie das erste Tag hinzu!
|
MARC
| LEADER | 00000nam a2200000 4500 | ||
|---|---|---|---|
| 001 | c028763 | ||
| 005 | 20221220080215.5 | ||
| 041 | 0 | |a pol | |
| 044 | |a PL | ||
| 245 | 1 | 0 | |a Rola ankietera w wywiadzie kwestionariuszowym w socjologii |c Krzysztof Kistelski |
| 250 | |a 1. wyd. | ||
| 264 | 1 | |a Lódž |b Uniwersytet |c 1985 | |
| 300 | |a 213 s. | ||
| 490 | 1 | |a Acta Universitatis Lodziensis |v 11 | |
| 830 | 0 | |a Acta Universitatis Lodziensis |v 11 | |
| 100 | 1 | |a Kistelski, Krzysztof | |